000 00288nam a22001337a 4500
008 181022b xxu||||| |||| 00| 0 eng d
020 _a9780757529795
041 _aeng
080 _a371
100 _a46
101 _aEDU
245 _aAssessing lEARNING
_cFiddler, M
942 _2udc
_cBK
999 _c50488
_d50488